| 000 | 01226cam a2200361 i 4500 | ||
|---|---|---|---|
| 001 | 17844054 | ||
| 003 | OSt | ||
| 005 | 20180116183104.0 | ||
| 008 | 130808s2014 nyu 001 0 eng | ||
| 010 | _a 2013030616 | ||
| 020 | _a9780071827812 (alk. paper) | ||
| 020 | _a0071827811 (alk. paper) | ||
| 040 |
_aDLC _beng _cDLC _erda _dDLC |
||
| 042 | _apcc | ||
| 050 | 0 | 0 |
_a658.4063 _b.C686 2014 |
| 082 | 0 | 0 |
_a658.4063 _223 |
| 100 | 1 | _aCrainer, Stuart. | |
| 245 | 1 | 0 |
_aThinkers 50 innovation . _bbreakthrough thinking to take your business to the next level . _cStuart Crainer + Des Dearlove. |
| 246 | 3 | 0 | _aInnovation |
| 246 | 3 | _aThinkers fifty innovation | |
| 260 |
_aNew York. _bMcGraw Hill. _c2014 |
||
| 300 |
_aix, 175 pages ; _c22 cm. |
||
| 500 | _aPaper Cover | ||
| 600 | _aCrainer, Stuart. | ||
| 650 | 0 |
_aTechnological innovations _xManagement. |
|
| 650 | 0 | _aDiffusion of innovations. | |
| 650 | 0 | _aCreative ability in business. | |
| 650 | 0 | _aNew products. | |
| 700 | 1 | _aDearlove, Des. | |
| 906 |
_a7 _bcbc _corignew _d1 _eecip _f20 _gy-gencatlg |
||
| 942 |
_2ddc _cBK _k658.4063 |
||
| 999 |
_c351968 _d351968 |
||